• 首页
  • 本馆介绍
  • 公告通知
  • 最新文献
  • 馆藏检索
  • 电子资源
  • 读者导购
  • 参考咨询
  • 我的图书馆
  • 登录
  • 详细信息显示
  • 放入我的书架
  • 预约/预借图书
  • 作者相关作品
  • 分类相关作品
  • 丛书相关作品
  • 出版社相关作品

书目信息

  • 表格格式
  • 工作单格式
  • 卡片格式
题名:
六韬·三略
    
 
作者: 太公望, , 黄石公, 著 ;张伊宁, 评译
分册:  
出版信息: 北京   北京联合出版公司  2017.01
页数: 151页
开本: 19cm
丛书名: 中华国学经典精粹
单 册:
中图分类: E892.24 , E892.33
科图分类:
主题词: 兵法--bing fa--中国--西周时代 , 兵法--bing fa--中国--秦代
电子资源:
ISBN: 978-7-5502-8774-7
000 01114nam 2200313 450
001 2240232012
005 20220915111046.94
010    @a978-7-5502-8774-7@dCNY19.80
100    @a20200731d2017 em y0chiy50 ea
101 0  @achi
102    @aCN@b110000
105    @ay z 000yy
200 1  @a六韬·三略@Aliu tao · san lue@f(周) 太公望, (西汉) 黄石公著@g张伊宁评译
210    @a北京@c北京联合出版公司@d2017.01
215    @a151页@d19cm
225 2  @a中华国学经典精粹@Azhong hua guo xue jing dian jing cui@e双色版
330    @a本书集古代兵书精华, 讲古代政谋奥义, 帮助读者理解古人的文韬武略, 吸收古代智慧的精髓, 是中国古代重要的军事著作。
410  0 @12001 @a中华国学经典精粹 (双色版)
605    @a六韬@Aliu tao@x译文
605    @a三略@Asan lue@x译文
606 0  @a兵法@Abing fa@y中国@z西周时代
606 0  @a兵法@Abing fa@y中国@z秦代
690    @aE892.24@v5
690    @aE892.33@v5
701  0 @a太公望,@Atai gong wang@f周代@4著
701  0 @a黄石公,@Ahuang shi gong@f西汉时代@4著
702  0 @a张伊宁,@Azhang yi ning@f1952-@4评译
801  0 @aCN@b人天书店@c20200731
905    @aZUCC@dE892.24@e7
    
    六韬·三略/(周) 太公望, (西汉) 黄石公著/张伊宁评译.-北京:北京联合出版公司,2017.01
    151页;19cm.-(中华国学经典精粹:双色版)
    
    
    ISBN 978-7-5502-8774-7:CNY19.80
    本书集古代兵书精华, 讲古代政谋奥义, 帮助读者理解古人的文韬武略, 吸收古代智慧的精髓, 是中国古代重要的军事著作。
●
相关链接 在五车中查询图书 在当当中查询图书 在豆瓣中查询图书


正题名:六韬·三略     索取号:E892.24/7         预约/预借

序号 登录号 条形码 馆藏地/架位号 状态 备注
1 2000893943   2000893943   第三书库/ [索取号:E892.24/7] 在馆    
2 2000893944   2000893944   第三书库/ [索取号:E892.24/7] 已借出,限还日期为2026.05.25
借出人:王雪  
 
3 2000893945   2000893945   第三书库/ [索取号:E892.24/7] 已借出,限还日期为2026.05.25
借出人:田芮嘉  
 
山东省滨州职业学院图书馆 欢迎您!
大连网信软件有限公司© 版权所有